Quiz o Toruniu - Statystyki

Ogólne statystyki
  • Ten quiz został rozwiązany 1 486 razy
  • Średni wynik to 13 z 30
Statystyki odpowiedzi
Wskazówka Odpowiedź % Poprawnych
Główna rzeka przepływająca przez Toruń. Wisła
98%
Miasto wojewódzkie najbliżej Torunia Bydgoszcz
88%
Słynny astronom z tego miasta Mikołaj Kopernik
87%
Przedsiębiorstwo zajmujące się produkcją pierników i wafli z siedzibą w Toruniu Fabryka cukiernicza "Kopernik"
81%
Miasto słynie z tego przysmaku piernik
80%
Tablice rejestracyjne CT
78%
Polski klub piłkarski z siedzibą w Toruniu (na literę E) Elana Toruń
71%
Uniwersytet funkcjonujący w Toruniu Uniwersytet Mikołaja Kopernika
69%
Swoją nazwę ten budynek zawdzięcza odchyleniu od pionu. (tak samo się nazywa jak znana budowla w Pizie) Krzywa Wieża
63%
Lista na której znajduje się Zespół Staromiejski UNESCO
54%
Zakon rycerski, który dał początek temu miastu Krzyżacy
53%
Postać na herbie Torunia Anioł
51%
Najbliższe miasto liczące co najmniej 50 000 mieszkańców Inowrocław
48%
Kod pocztowy 87-100 do 87-120
42%
Autostrada przebiegająca obok Torunia (słowna nazwa) Autostrada Bursztynowa
36%
Bulwar rozciągający się wzdłuż Wisły Bulwar Filadelfijski
36%
Stadion żużlowy Motoarena Toruń imienia Mariana Rosego
33%
Droga ekspresowa na południe od Torunia S10
29%
Festiwal światła odbywający się od 2009 roku na Starym Mieście zazwyczaj 5 dni w sierpniu. Bella Skyway Festival
27%
Podaj jeden z czterech mostów nad tą rzeką (w zasięgu do 1 km od granic miasta) Ernesta Malinowskiego | Józefa Piłsudskiego | Elżbiety Zawackiej | Armii Krajowej
26%
Rzeka, z którym Toruń graniczy od południa. Drwęca
25%
Plac przy którym leży Urząd Marszałkowski Plac Teatralny
18%
Kotlina, na której leży Toruń Kotlina Toruńska
14%
Centralny punkt Starego Miasta Rynek Staromiejski
14%
Węzeł drogowy położony na wschód od Torunia Lubicz
11%
Miasto partnerskie na Ukrainie (221 tysięcy mieszkańców) Łuck
10%
Miasto partnerskie w Niemczech (117 tysięcy mieszkańców) Getynga
9%
Pruska twierdza fortowa z II połowy XIX wieku Twierdza Toruń
9%
Zawody sportowe, rozgrywane w tym mieście od 4 do 7 marca 2021 roku. Halowe Mistrzostwa Europy w lekkoatletyce
8%
Port rzeczny w dzielnicy Rybaki Port Zimowy
7%
Nie znaleziono quizów pasujących do podanych kryteriów
Rozkład punktacji
Procent ludzi z każdym wynikiem
Percentyl według liczby udzielonych odpowiedzi
Twoja historia wyników
Nie rozwiązałeś tego quizu